000 00738nam a2200241 a 4500
001 69763
003 BD-RjUL
005 20211209081925.0
008 170413s1968 cau b 001 0 eng d
035 _a(BD-RjUL)69975
040 _aDLC
_cDLC
_dBD-RjUL
_beng
041 _aeng
082 _223
_a512.02
_bROI 1968
100 1 _aRosenfeld, Azriel,
_d1931-
_9206642
245 1 3 _aAn introduction to algebraic structures /
_cAzriel Rosenfeld
260 _aSan Francisco :
_bHolden-Day,
_c1968
300 _axi, 285 p. ;
_c24 cm.
490 1 _aHolden-Day series in mathematics
504 _aIncludes bibliography and index
650 0 _aAlgebra, Abstract.
_9206643
830 0 _aHolden-Day series in mathematics.
_9206646
942 _2ddc
_cBK
999 _c69763
_d69763